Länder, die das meiste Salz produzieren - Statistiken

Allgemein
  • Dieses Quiz wurde 93 mal gespielt
  • Das Durchschnittsergebnis liegt bei 14 aus 20
Antwortstatistiken
Mil Tonnen Land % Korrekt
62,16 China
95%
40,20 Vereinigte Staaten
95%
4,04 Spanien
87%
24,50 Indien
86%
6,30 Brasilien
85%
19,02 Deutschland
85%
6,10 Frankreich
81%
2,86 Italien
81%
10,10 Mexiko
81%
10,84 Kanada
77%
10,82 Australien
75%
4,00 Türkei
62%
6,10 Vereinigtes Königreich
58%
8,06 Chile
56%
2,80 Iran
52%
4,25 Polen
52%
2,88 Ägypten
49%
3,19 Österreich
40%
6,51 Niederlande
39%
6,18 Ukraine
39%
Keine übereinstimmenden Quizze gefunden
Verteilung der Resultate
Anzahl Personen mit jedem Resultat
Perzentil nach korrekt beantworteten Fragen
Ihre Resultats-Entwicklung
Sie haben dieses Quiz noch nicht gespielt